| 000 | 00883nam a2200253Ia 4500 | ||
|---|---|---|---|
| 003 | GCL | ||
| 008 | 140319s9999 xx 000 0 ara d | ||
| 040 |
_aGCL / _cGCL |
||
| 082 | 0 | 4 |
_a001.6424 _bهـ ت |
| 100 | 1 | _aعبدالله بن عبدالله العبيد | |
| 245 | 1 | 0 |
_aتوضيح كويك بيسك / _cعبدالله بن عبدالله العبيد |
| 700 | 1 | _aسرور على ابراهيم سرور | |
| 700 | 1 | _aبوش ، واودو | |
| 700 | 1 | _aتانيك، هارى | |
| 700 | 1 | _aمورات، هارى | |
| 260 |
_a[S.N] : _bالمكتبة الاكاديمية ، _c1994 |
||
| 300 | _a596 ص | ||
| 490 |
_aالسلسلة الشعرية الثانية _v0 |
||
| 650 | 0 | 4 | _aالحاسبات الالكترونية |
| 650 | 0 | 4 | _aكويك بيسك |
| 650 | 0 | 4 | _aباسيك |
| 650 | 0 | 4 | _aبرامج الحاسبات الالكترونية |
| 942 |
_2ddc _cBK |
||
| 999 |
_c44136 _d44136 |
||